000 00584nam a2200229Ia 4500
003 OSt
005 20221005122748.0
006 a|||||r|||| 00| 0
007 ta
008 221004b |||||||| |||| 00| 0 kan d
024 _a62161
037 _cTextual
040 _aCRL
_cCRL
_bkan
041 _2kan
_akan
082 _aO33,6M93,3, J5
100 _aDwakar Ranganath
_9632562
245 0 _aKaranirakarane veerakathe
260 _c1955
650 _aKANNAD LITERATURE
942 _hO33,6M93,3, J5
_cTEXL
_2cc
999 _c1045289
_d1045289